01358nab a22002777a 4500999001500000003000400015005001700019008004100036040000700077100002800084245007500112260007300187300001300260500007300273505031500346505008900661650003500750650003200785650003100817650001900848650002000867650001500887650002500902773014000927942001301067 c6328d6328OSt20260130204115.0190603e xxum|||| |||| 00| 0 spa d cPJ 95110aRaschetti, Franco10aAsunción de riesgos en la práctica deportiva /cFranco Raschetti.  cCiudad Autónoma de Buenos Aires :aThomson Reuters La Ley, b2025. ap. 27-39 aCita: TR LALEY AR/DOC/2278/2025 Publicado en: RCCyC 2025 (Octubre). aSumario: I. Exordio.— II. Las eximentes como dimensión "negativa" de los presupuestos de la responsabilidad civil.— III. La asunción de riesgos en el Cód. Civ. y Com.— IV. El especial enfoque de los daños sufridos en la práctica deportiva.— V. El ámbito del consentimiento del damnificado.  t¿Te interesa el texto completo? Solicitalo al correo: koha@justierradelfuego.gov.ar 091497aCODIGO CIVIL Y COMERCIAL 091467aRESPONSABILIDAD CIVIL 092823aDAÑOS Y PERJUICIOS 093725aDEPORTES 092950aLESIONES  092693aDOLO 095585aCONSENTIMIENTO0 0271393170dCiudad Autónoma de Buenos Aires : Thomson Reuters La Ley, 2015-tRevista Código Civil y Comercial. Nº 5 - Octubre 2025 2udccANA